|
|
|
|
| LEADER |
00942nam a22002652a 4500 |
| 001 |
000426439 |
| 003 |
CZ BrMZK |
| 005 |
20111129141503.0 |
| 007 |
ta |
| 008 |
990307s1978 xr f cze d |
| 015 |
|
|
|a cnb000161925
|
| 035 |
|
|
|a (OCoLC)42173772
|
| 040 |
|
|
|a BOA001
|b cze
|
| 245 |
0 |
0 |
|a Turistika v horách /
|c Ivo Hejl ... [et al.]
|
| 250 |
|
|
|a 1. vyd.
|
| 260 |
|
|
|a Praha :
|b Olympia,
|c 1978
|
| 300 |
|
|
|a 206 s.
|
| 700 |
1 |
|
|a Hejl, Ivo,
|d 1931-
|7 jk01040561
|4 aut
|
| 856 |
4 |
1 |
|u http://www.digitalniknihovna.cz/mzk/uuid/uuid:398bc520-b872-11e2-8b87-005056827e51
|y Digitalizovaný dokument
|x NDK
|
| 910 |
|
|
|a BOA001
|b PK-0083.708
|b 2-0793.985
|
| 920 |
|
|
|a 000167557
|
| 964 |
|
|
|a Turistika horská - příručky
|
| 990 |
|
|
|a BK
|
| 996 |
6 |
|
|b 2619301629
|c 2-0793.985
|l MZK
|r Sklad / do 1 hodiny
|n 0
|w 000426439
|u 000020
|a 1
|e BOA001
|j MZK50
|s P
|
| 996 |
7 |
|
|b 3119826978
|c PK-0083.708
|l MZK
|r Sklad / do 1 hodiny
|n 3
|w 000426439
|u 000010
|a 1
|e BOA001
|j MZK50
|s A
|